Turbulence (Record no. 5373)

000 -LEADER
fixed length control field 00511nam a2200205 i 4500
001 - CONTROL NUMBER
control field 5373
003 - CONTROL NUMBER IDENTIFIER
control field BD-DhUET
008 - FIXED-LENGTH DATA ELEMENTS--GENERAL INFORMATION
fixed length control field 750220s1975 nyua b 001 0 eng
020 ## - INTERNATIONAL STANDARD BOOK NUMBER
International Standard Book Number 0070290377
040 ## - CATALOGING SOURCE
Original cataloging agency DLC
Transcribing agency DLC
Modifying agency BD-DhUET
082 00 - DEWEY DECIMAL CLASSIFICATION NUMBER
Classification number 532.56
Item number HIN/1975
100 1# - MAIN ENTRY--PERSONAL NAME
Personal name Hinze, J. O.
245 00 - TITLE STATEMENT
Title Turbulence
250 ## - EDITION STATEMENT
Edition statement 2nd ed.
260 ## - PUBLICATION, DISTRIBUTION, ETC. (IMPRINT)
Place of publication, distribution, etc. New York
Name of publisher, distributor, etc. McGraw-Hill
Date of publication, distribution, etc. 1975
300 ## - PHYSICAL DESCRIPTION
Extent x,790p.
Other physical details ill.
Dimensions 24 cm.
490 0# - SERIES STATEMENT
Series statement McGraw-Hill series in mechanical engineering
650 #0 - SUBJECT ADDED ENTRY--TOPICAL TERM
Topical term or geographic name as entry element Turbulence
942 ## - ADDED ENTRY ELEMENTS (KOHA)
Koha item type General Book
Holdings
Source of classification or shelving scheme Lost status Sublocation or collection (holding branch) Withdrawn status Damaged status Shelving location Piece designation (barcode) Koha issues (times borrowed) Koha date last seen Copy number Not for loan Koha item type Price effective from Location (home branch) Koha full call number Koha normalized classification for sorting Koha date last borrowed Date acquired
  Central Library, BUET  Circulation section63813 2014-11-261 General Book2014-11-26Central Library, BUET532.56/HIN/1975532_560000000000000_HIN_1975 2014-11-26
  Central Library, BUET  Circulation section63816 2014-11-262 General Book2014-11-26Central Library, BUET532.56/HIN/1975532_560000000000000_HIN_1975 2014-11-26
  Central Library, BUET  Circulation section44334 2014-12-073 General Book2014-12-07Central Library, BUET532.56/HIN/1975532_560000000000000_HIN_1975 2014-12-07
  Central Library, BUET  Circulation section63807 2014-12-074 General Book2014-12-07Central Library, BUET532.56/HIN/1975532_560000000000000_HIN_1975 2014-12-07
  Central Library, BUET  Circulation section6381212015-03-295 General Book2014-12-07Central Library, BUET532.56/HIN/1975532_560000000000000_HIN_19752015-03-252014-12-07
  Central Library, BUET  Circulation section63805 2014-12-076 General Book2014-12-07Central Library, BUET532.56/HIN/1975532_560000000000000_HIN_1975 2014-12-07
  Central Library, BUET  Circulation section63810 2014-12-077 General Book2014-12-07Central Library, BUET532.56/HIN/1975532_560000000000000_HIN_1975 2014-12-07
  Central Library, BUET  Circulation section63808 2014-12-078 General Book2014-12-07Central Library, BUET532.56/HIN/1975532_560000000000000_HIN_1975 2014-12-07
  Central Library, BUET  Circulation section63809 2014-12-079 General Book2014-12-07Central Library, BUET532.56/HIN/1975532_560000000000000_HIN_1975 2014-12-07
  Central Library, BUET  Circulation section6380612023-02-2810 General Book2014-12-07Central Library, BUET532.56/HIN/1975532_560000000000000_HIN_19752022-11-142014-12-07
  Central Library, BUET  Circulation section6381512015-09-1411 General Book2014-12-07Central Library, BUET532.56/HIN/1975532_560000000000000_HIN_19752015-05-262014-12-07
  Central Library, BUET  Circulation section39158 2015-03-0912 General Book2015-03-09Central Library, BUET532.56/HIN/1975532_560000000000000_HIN_1975 2015-03-09
  Central Library, BUET  Reading section58968 2015-06-0713 Reading Item2015-06-07Central Library, BUET532.56/HIN/1975532_560000000000000_HIN_1975 2015-06-07
  Central Library, BUET  Reading section60653 2015-06-0714 Reading Item2015-06-07Central Library, BUET532.56/HIN/1975532_560000000000000_HIN_1975 2015-06-07
  Central Library, BUET  Reading section52729 2015-06-2315 Reading Item2015-06-23Central Library, BUET532.56/HIN/1975532_560000000000000_HIN_1975 2015-06-23
  Central Library, BUET  Circulation section6381112024-11-2716 General Book2024-11-16Central Library, BUET532.56 HIN/1975532_560000000000000_HIN_19752024-11-271985-06-29
  Central Library, BUET     2024-11-16  General Book2024-11-16Central Library, BUET532.56 HIN/1975532_560000000000000_HIN_1975 2024-11-16
  Central Library, BUET  Circulation section39159 2024-11-1618 General Book2024-11-16Central Library, BUET532.56 HIN/1975532_560000000000000_HIN_1975 2025-09-03